000 00844nam a2200253 a 4500
005 20200104041525.0
008 140303s1997 ck a gr|||| 00| 0 spa d
040 _aCO-BoIAVH
_cCO-BoIAVH
041 0 _aspa
044 _ack
082 0 4 _a658.4095
_bM66g
110 2 _bColombia.
_aMinisterio del Medio Ambiente
245 1 0 _aGestión ambiental para la fauna silvestre en Colombia /
_cMinisterio del Medio Ambiente
260 _aBogotá :
_bMinisterio del Medio Ambiente,
_c1997.
300 _a31 páginas :
_bIlustraciones ;
_c28 x 22 cm.
650 2 6 _aFauna silvestre
650 1 6 _aGestión ambiental
650 2 6 _aPolítica ambiental
650 2 6 _aUso sostenible
650 2 6 _aRecuperación ambiental
650 2 6 _aManejo de biodiversidad
662 _aColombia
942 _cLIBRO
_2ddc
_01
999 _c1871
_d1871